Фреймова структура концепту Love в афоризмах та висловлюваннях про кохання (Запис № 284176)

МАРК-запис
000 -LEADER
fixed length control field 02015nam a22001577a 4500
041 ## - LANGUAGE CODE
Language code of text/sound track or separate title ukr
080 ## - UNIVERSAL DECIMAL CLASSIFICATION NUMBER
Universal Decimal Classification number 09
090 ## - LOCALLY ASSIGNED LC-TYPE CALL NUMBER (OCLC); LOCAL CALL NUMBER (OCLC)
Local cutter number (OCLC) ; Book number/undivided call number, CALL (RLIN) ЯНЧ
100 ## - MAIN ENTRY--PERSONAL NAME
Personal name Янчук К.О.
245 ## - TITLE STATEMENT
Title Фреймова структура концепту Love в афоризмах та висловлюваннях про кохання
260 ## - PUBLICATION, DISTRIBUTION, ETC. (IMPRINT)
Place of publication, distribution, etc Острог
Name of publisher, distributor, etc КАФ
Date of publication, distribution, etc 2009
300 ## - PHYSICAL DESCRIPTION
Extent 52
520 ## - SUMMARY, ETC.
Summary, etc ВСТУП<br/>РОЗДІЛ 1 ФРЕЙМ ЯК МЕНТАЛЬНА СТРУКТУРА ПРЕДСТАВЛЕННЯ ЗНАНЬ<br/>1.1 Місце фрейму серед інших структур представлення знань.<br/>1.1.1 Визначення фрейму.<br/>1.1.2 Прототипи фрейму.<br/>1.2 Способи активізації фрейму.<br/>1.3.1 Концепція Марвіна Мінського.<br/>1.3.2 Теорія гри Бейтсона.<br/>1.3.3 Фреймова семантика Ч.Філмора.<br/>1.3.4 Теорія когнітивних моделей Ван Дейка.<br/>РОЗДІЛ 2 СЕМАНТИЧНА НАПОВНЕНІСТЬ КОНЦЕПТУ LOVE В АНГЛІЙСЬКІЙ МОВІ<br/>2.1 Поняття любові та класифікація її видів.<br/>2.2 Семантичний аналіз конституентів концепту LOVE (на основі аналізу словникових статей).<br/>РОЗДІЛ 3 АНАЛІЗ НАЙПОШИРЕНІШИХ СЕМАНТИЧНИХ АСПЕКТІВ КОНЦЕПТУ LOVE НА ПРИКЛАДІ АФОРИЗМІВ ТА ВИСЛОВІВ ПРО КОХАННЯ<br/>3.1 Найпоширеніші аспекти-конституенти концепту LOVE репрезентовані граматичною категорією іменника.<br/>3.2 Найпоширеніші аспекти-конституенти концепту LOVE репрезентовані граматичною категорією дієслова.<br/>ВИСНОВКИ
-- фрейм, концепт Love
650 ## - SUBJECT ADDED ENTRY--TOPICAL TERM
Topical term or geographic name as entry element Research Papers
942 ## - ADDED ENTRY ELEMENTS (KOHA)
Koha item type Книги
Фонди
Withdrawn status Lost status Source of classification or shelving scheme Damaged status Not for loan Home library Current library Date acquired Source of acquisition Cost, normal purchase price Total Checkouts Full call number Barcode Date last seen Price effective from Koha item type
    Universal Decimal Classification     ВІЛ - Відділ іноземн. літератури НБ ВІЛ - Відділ іноземн. літератури НБ 16/04/2009 Акт №1 1.00   09 213457 15/12/2021 16/04/2009 Книги